[Event "Championnat de France des Jeunes - Junio"]
[Site "NIMES"]
[Date "2012.04.14"]
[Round "1.2"]
[White "Le Goff, Ronan"]
[Black "Massoni, Michael"]
[Result "0-1"]
[WhiteElo "2062"]
[BlackElo "2341"]
[PlyCount "102"]

1. d4 Nf6 2. Nf3 g6 3. Nc3 d5 4. Bf4 Bg7 5. e3 O-O 6. Be2 c6 7. Ne5 Qb6 8. a3
Bf5 9. b4 Nfd7 10. g4 Be6 11. Nd3 Qd8 12. h4 b6 13. Bf3 f6 14. b5 Qc8 15. O-O
Bf7 16. bxc6 Qxc6 17. Nb4 Qxc3 18. Nxd5 Qc4 19. Nxe7+ Kh8 20. Bxa8 Re8 21. Bd6
Bf8 22. Nxg6+ Bxg6 23. Bxf8 Rxf8 24. e4 Nc6 25. Bxc6 Qxc6 26. f3 b5 27. Qe2 Nb6
28. Rfe1 Nc4 29. Qf2 a6 30. h5 Bf7 31. d5 Qd6 32. Qh2 Ne5 33. Qf2 Rc8 34. Re3
Nc4 35. Ree1 Qf4 36. a4 Be8 37. axb5 Bxb5 38. Rad1 Ne5 39. Re3 Rg8 40. Rde1
Nxg4 41. fxg4 Rxg4+ 42. Qg2 Rxg2+ 43. Kxg2 Qg5+ 44. Kf2 Qxh5 45. e5 Qh2+ 46.
Kf3 fxe5 47. Rxe5 Qxc2 48. Kf4 h6 49. R1e3 Qf2+ 50. Rf3 Qd4+ 51. Kf5 Bd7+ 0-1

[Event "Championnat de France des Jeunes - Junio"]
[Site "NIMES"]
[Date "2012.04.14"]
[Round "1.4"]
[White "Muratet, Lucas"]
[Black "Di Nicolantonio, Lucas"]
[Result "1/2-1/2"]
[WhiteElo "2045"]
[BlackElo "2322"]
[PlyCount "98"]

1. e4 c5 2. Nf3 e6 3. d4 cxd4 4. Nxd4 Nf6 5. Nc3 Nc6 6. Nxc6 bxc6 7. Bd3 d5 8.
O-O Be7 9. Qe2 O-O 10. Re1 Re8 11. b3 Bb4 12. Bd2 Qa5 13. a3 Bxc3 14. b4 Qd8
15. Bxc3 d4 16. Bb2 e5 17. c3 a5 18. cxd4 exd4 19. h3 axb4 20. axb4 Rxa1 21.
Bxa1 Qb6 22. Qb2 Rd8 23. Rd1 h6 24. e5 Nd5 25. Qxd4 Qxd4 26. Bxd4 Nxb4 27. Be2
Ba6 28. Bc3 Rd5 29. Bf3 Rxd1+ 30. Bxd1 Nd3 31. g3 c5 32. Kg2 Bb7+ 33. Bf3 Bxf3+
34. Kxf3 Kf8 35. Ke3 c4 36. f4 h5 37. f5 g6 38. g4 hxg4 39. hxg4 gxf5 40. gxf5
Ke8 41. Kd4 Nf4 42. Kxc4 Kd7 43. Bd2 Nh5 44. Kd5 Ng3 45. f6 Nf5 46. Bg5 Ng3 47.
e6+ Ke8 48. exf7+ Kxf7 49. Bc1 Kxf6 1/2-1/2

[Event "Championnat de France des Jeunes - Junio"]
[Site "NIMES"]
[Date "2012.04.14"]
[Round "1.5"]
[White "Buscara, Sevan"]
[Black "Champourlier, Sebastien"]
[Result "1-0"]
[WhiteElo "2318"]
[BlackElo "1985"]
[PlyCount "108"]

1. d4 d5 2. Bf4 Nf6 3. e3 Bf5 4. c4 e6 5. Nc3 a6 6. Qb3 b6 7. cxd5 Nxd5 8. Nxd5
exd5 9. Rc1 c5 10. dxc5 Bxc5 11. Bxb8 Qxb8 12. Bxa6 O-O 13. Bb5 Qa7 14. a4 Qa5+
15. Ke2 d4 16. Nf3 Be6 17. Qd3 dxe3 18. fxe3 Rfd8 19. Nd4 Qb4 20. Qc3 Bg4+ 21.
Kd3 Bf5+ 22. Kd2 Bxd4 23. Qxb4 Bc5+ 24. Kc3 Bxb4+ 25. Kxb4 Be4 26. Bc6 Bxc6 27.
Rxc6 Re8 28. Rhc1 Kf8 29. R1c3 Rab8 30. b3 Re4+ 31. R6c4 Ree8 32. Rd3 Re6 33.
Rcd4 Ke7 34. Rd7+ Ke8 35. R7d6 Re4+ 36. Kb5 Re5+ 37. R6d5 Re6 38. b4 Ke7 39.
Rc3 Ra8 40. Rc7+ Ke8 41. Rb7 Rxe3 42. Rxb6 Re2 43. Rg5 g6 44. a5 h6 45. Rg3
Re5+ 46. Ka4 h5 47. a6 Ra7 48. b5 Kd7 49. Rd3+ Kc8 50. Rc6+ Rc7 51. a7 Re4+ 52.
Ka5 Kb7 53. Rxc7+ Kxc7 54. a8=Q Re6 1-0

[Event "Championnat de France des Jeunes - Junio"]
[Site "NIMES"]
[Date "2012.04.15"]
[Round "2.1"]
[White "Gertosio, Franck"]
[Black "Dubessay, Bastien"]
[Result "1-0"]
[WhiteElo "2204"]
[BlackElo "2372"]
[PlyCount "115"]

1. e4 c5 2. Nf3 b6 3. d4 cxd4 4. Nxd4 Bb7 5. Nc3 a6 6. Be2 d6 7. f4 e6 8. Bf3
Nd7 9. O-O Qc7 10. Kh1 Be7 11. Re1 h6 12. Bh5 g6 13. Bf3 e5 14. Nb3 Ngf6 15.
Nd5 Bxd5 16. exd5 Rc8 17. Bd2 Kf8 18. Bc3 Ne8 19. Qe2 Qc4 20. Qd2 Bf6 21. Re4
Qc7 22. Bg4 Rd8 23. Rae1 Kg7 24. Bxd7 Qxd7 25. fxe5 dxe5 26. Bxe5 Bxe5 27. Rxe5
Nd6 28. Qd4 Kh7 29. Re7 Qf5 30. Qe5 Qxe5 31. R1xe5 Kg7 32. Kg1 Nc4 33. Re4 Nxb2
34. c4 Rd6 35. Rc7 b5 36. Rf4 Rf8 37. Nc5 Kg8 38. Nb7 Nxc4 39. Nxd6 Nxd6 40.
Rc6 Rd8 41. Rxa6 Kg7 42. Kf2 g5 43. Rf3 f5 44. Ke3 f4+ 45. Kd4 Nf5+ 46. Kc5 Ne3
47. d6 Nxg2 48. Rf2 Ne1 49. Ra3 b4 50. Rb3 f3 51. Re3 Ng2 52. Re7+ Kg6 53. Rxf3
Nf4 54. Kc6 Rc8+ 55. Rc7 Ra8 56. d7 Ra6+ 57. Kb7 Rd6 58. Rc6 1-0

[Event "Championnat de France des Jeunes - Junio"]
[Site "NIMES"]
[Date "2012.04.15"]
[Round "2.3"]
[White "Samoun, Florent"]
[Black "Buscara, Sevan"]
[Result "0-1"]
[WhiteElo "2187"]
[BlackElo "2318"]
[PlyCount "90"]

1. d4 Nf6 2. Nf3 e6 3. c4 b6 4. Nc3 Bb7 5. g3 Bb4 6. Bd2 Nc6 7. a3 Bxc3 8. Bxc3
Ne4 9. Qd3 d5 10. Bg2 a5 11. O-O Ba6 12. b3 O-O 13. Qc2 a4 14. cxd5 exd5 15.
bxa4 Qf6 16. Ne5 Nxe5 17. dxe5 Qc6 18. Rfc1 Qc4 19. e3 Bb7 20. a5 bxa5 21. Bd4
Qa6 22. Bf1 Qh6 23. Qxc7 Bc8 24. Bg2 Be6 25. Qc2 Rac8 26. Qd1 Bh3 27. Rxc8 Rxc8
28. Rc1 Rb8 29. Qe1 Qe6 30. Qxa5 Bxg2 31. Kxg2 Ng5 32. Kf1 Qh3+ 33. Ke2 Qh5+
34. Kf1 Qf3 35. Qc7 Rf8 36. e6 Nxe6 37. Qc3 Re8 38. Be5 Qh1+ 39. Ke2 Qxh2 40.
a4 Qh5+ 41. Kf1 f6 42. Bd6 d4 43. Qc4 d3 44. Kg2 d2 45. Rh1 Qxh1+ 0-1

[Event "Championnat de France des Jeunes - Junio"]
[Site "NIMES"]
[Date "2012.04.15"]
[Round "2.4"]
[White "Hutois, Mickael"]
[Black "Ollier, Pablo"]
[Result "0-1"]
[WhiteElo "2166"]
[BlackElo "2278"]
[PlyCount "68"]

1. e4 e5 2. Nf3 Nc6 3. Bc4 Nf6 4. d3 Be7 5. O-O O-O 6. c3 d5 7. exd5 Nxd5 8. d4
exd4 9. Nxd4 Ne5 10. Bb3 Bg4 11. f3 Bc8 12. f4 Ng4 13. Qf3 Ngf6 14. h3 c5 15.
Nc2 Bf5 16. Nd2 h5 17. Rd1 Nb6 18. Ne3 Bd7 19. Qxb7 Qe8 20. Qf3 Bc6 21. Qf2 Qc8
22. Nec4 Nxc4 23. Nxc4 Ne4 24. Qc2 Bh4 25. Ne5 Bf2+ 26. Kf1 c4 27. Bxc4 Bb6 28.
Qb3 Ng3+ 29. Ke1 Qf5 30. Bd3 Be4 31. Qc4 Rac8 32. Qa6 Rfe8 33. Kd2 Qxf4+ 34.
Kc2 Qxe5 0-1

[Event "Championnat de France des Jeunes - Junio"]
[Site "NIMES"]
[Date "2012.04.15"]
[Round "2.5"]
[White "Villegas, Pierre"]
[Black "Duboue, Peio"]
[Result "1/2-1/2"]
[WhiteElo "2278"]
[BlackElo "2197"]
[PlyCount "127"]

1. Nf3 Nf6 2. c4 e6 3. g3 b6 4. Bg2 Bb7 5. O-O Be7 6. b3 O-O 7. Bb2 c5 8. e3
Nc6 9. Qe2 d5 10. Rd1 d4 11. exd4 cxd4 12. Ne5 Rc8 13. d3 Bc5 14. Na3 Qe7 15.
Nc2 Nxe5 16. Qxe5 Bxg2 17. Kxg2 Qb7+ 18. f3 Nd7 19. Qe4 Qxe4 20. fxe4 e5 21. g4
Bd6 22. b4 g6 23. g5 f5 24. gxf6 Rxf6 25. Rf1 Rxf1 26. Rxf1 Kg7 27. Rb1 Nf8 28.
Bc1 Ne6 29. Bd2 Rf8 30. Ne1 Kf7 31. Nf3 Ke7 32. Ng5 Nxg5 33. Bxg5+ Kd7 34. Bd2
Kc6 35. a4 a6 36. Kg3 Be7 37. Ra1 Rf7 38. a5 b5 39. Rg1 Bd6 40. c5 Be7 41. Rd1
Bd8 42. Kg2 Bc7 43. Be1 Rf8 44. Bg3 Rf7 45. Bf2 Rf8 46. Kf1 Bd8 47. Ke2 Bc7 48.
Rg1 Kd7 49. h4 Bd8 50. h5 g5 51. Bg3 Ke6 52. Rf1 Rxf1 53. Kxf1 Bc7 54. Kg2 Bxa5
55. Be1 Bd8 56. Kf3 Be7 57. Kg4 h6 58. Bd2 Kf6 59. Be1 Bf8 60. Bd2 Be7 61. Be1
Bf8 62. Bd2 Be7 63. Be1 Bf8 64. Bd2 1/2-1/2

[Event "Championnat de France des Jeunes - Junio"]
[Site "NIMES"]
[Date "2012.04.15"]
[Round "3.1"]
[White "Sochacki, Wojtek"]
[Black "Massoni, Michael"]
[Result "1-0"]
[WhiteElo "2239"]
[BlackElo "2341"]
[PlyCount "87"]

1. Nc3 c5 2. e4 d6 3. Nge2 Nc6 4. d4 cxd4 5. Nxd4 e6 6. Be3 Nf6 7. g3 a6 8. Bg2
Qc7 9. O-O Be7 10. h3 O-O 11. g4 Nxd4 12. Bxd4 e5 13. Be3 Be6 14. a4 Nd7 15. a5
b6 16. axb6 Nxb6 17. Nd5 Bxd5 18. exd5 Nd7 19. Qd2 Rfc8 20. Rfc1 a5 21. Bf1
Rcb8 22. b3 Bd8 23. Ra4 Nb6 24. Ra2 Nd7 25. Rca1 Qb7 26. Rd1 Rc8 27. Bd3 g6 28.
Bc4 a4 29. Rda1 axb3 30. cxb3 Rxa2 31. Qxa2 Rb8 32. Qa7 Kg7 33. Ra6 Nb6 34.
Qxb7 Rxb7 35. Kg2 f5 36. gxf5 gxf5 37. Bc1 Kf7 38. Ba3 Be7 39. Bb5 Nc8 40. Ba4
Rc7 41. Bb4 Kf6 42. Ba5 Rb7 43. Ra8 Nb6 44. Bc6 1-0

[Event "Championnat de France des Jeunes - Junio"]
[Site "NIMES"]
[Date "2012.04.15"]
[Round "3.2"]
[White "Buscara, Sevan"]
[Black "Billon, Olivier"]
[Result "1-0"]
[WhiteElo "2318"]
[BlackElo "2237"]
[PlyCount "59"]

1. Nf3 Nf6 2. c4 g6 3. g3 c5 4. Bg2 Bg7 5. O-O d5 6. Na3 Nc6 7. d3 O-O 8. Rb1
e5 9. cxd5 Nxd5 10. Nc4 b6 11. a3 Bb7 12. Bd2 Re8 13. b4 cxb4 14. axb4 e4 15.
dxe4 Rxe4 16. Bg5 Qd7 17. Qd3 Qe6 18. Nd6 Qxd6 19. Qxe4 Nc3 20. Qc4 b5 21. Qh4
Nxb1 22. Rxb1 Re8 23. Be3 Ne7 24. Ng5 Bxg2 25. Qxh7+ Kf8 26. Kxg2 Rc8 27. Bc5
Rxc5 28. bxc5 Qxc5 29. Rd1 Nd5 30. Qh4 1-0

[Event "Championnat de France des Jeunes - Junio"]
[Site "NIMES"]
[Date "2012.04.15"]
[Round "3.4"]
[White "Velten, Paul"]
[Black "Youssoupov, Moisse"]
[Result "1-0"]
[WhiteElo "2310"]
[BlackElo "2119"]
[PlyCount "95"]

1. d4 Nf6 2. Nf3 c5 3. dxc5 e6 4. Be3 Na6 5. Nc3 Nxc5 6. Qd4 Be7 7. g4 d6 8. g5
e5 9. Nxe5 dxe5 10. Qxd8+ Kxd8 11. gxf6 gxf6 12. O-O-O+ Ke8 13. Nd5 Ne6 14. Bh3
Bd8 15. Rhg1 Nc7 16. Bg2 f5 17. f4 e4 18. Bh3 Be6 19. Bd4 Nxd5 20. Bxh8 Nxf4
21. Bf1 Ng6 22. Bd4 Bc7 23. h4 h5 24. e3 Rd8 25. Be2 b6 26. Bxh5 Nxh4 27. b3
Ke7 28. c4 f4 29. exf4 Bxf4+ 30. Kc2 Rd7 31. Rgf1 Bg5 32. c5 Nf5 33. Bg1 Rc7
34. b4 e3 35. Bh2 Rc8 36. Kd3 bxc5 37. Bg4 Rd8+ 38. Ke4 Rxd1 39. Rxd1 Nd4 40.
Bxe6 e2 41. Rg1 Bh4 42. Bc4 e1=Q+ 43. Rxe1 Bxe1 44. bxc5 Bf2 45. Bd6+ Ke8 46.
Kd5 Kd7 47. c6+ Nxc6 48. Bb5 1-0

[Event "Championnat de France des Jeunes - Junio"]
[Site "NIMES"]
[Date "2012.04.16"]
[Round "3.5"]
[White "Bouget, Alexandre"]
[Black "Villegas, Pierre"]
[Result "0-1"]
[WhiteElo "2176"]
[BlackElo "2278"]
[PlyCount "60"]

1. d4 g6 2. c4 Bg7 3. e4 Nc6 4. Nf3 e5 5. d5 Nd4 6. Nxd4 exd4 7. Bd3 d6 8. O-O
Ne7 9. f4 f5 10. exf5 Bxf5 11. g4 Bxd3 12. Qxd3 Qd7 13. Qe2 O-O-O 14. Qe6 Rde8
15. Nd2 h5 16. Qxd7+ Kxd7 17. h3 hxg4 18. hxg4 Rh4 19. Kg2 Reh8 20. Kf3 Rh3+
21. Kf2 Rh2+ 22. Ke1 Rg2 23. g5 Nf5 24. Nf3 Re8+ 25. Kd1 Ne3+ 26. Bxe3 dxe3 27.
Rg1 Rxb2 28. Rc1 Rxa2 29. Nh4 Bb2 30. Rb1 e2+ 0-1

[Event "Championnat de France des Jeunes - Junio"]
[Site "NIMES"]
[Date "2012.04.16"]
[Round "4.2"]
[White "Villegas, Pierre"]
[Black "Sochacki, Wojtek"]
[Result "0-1"]
[WhiteElo "2278"]
[BlackElo "2239"]
[PlyCount "58"]

1. d4 Nf6 2. c4 e6 3. Nc3 Bb4 4. a3 Bxc3+ 5. bxc3 b6 6. f3 Ba6 7. e4 Nc6 8. e5
Ng8 9. Qa4 Na5 10. Be3 Nh6 11. Bd3 Nf5 12. Bf2 O-O 13. Ne2 Qg5 14. Rg1 d5 15.
f4 Qd8 16. Qc2 dxc4 17. Bxf5 exf5 18. Qxf5 Qd5 19. Bh4 f6 20. Qc2 fxe5 21. fxe5
Nb3 22. Rd1 Bc8 23. Ng3 Bg4 24. Rb1 Rac8 25. Rf1 Nxd4 26. cxd4 Qxd4 27. Rxf8+
Rxf8 28. Nf1 Qxe5+ 29. Kd2 Qe2+ 0-1

[Event "Championnat de France des Jeunes - Junio"]
[Site "NIMES"]
[Date "2012.04.16"]
[Round "4.3"]
[White "Dionisi, Thomas"]
[Black "Velten, Paul"]
[Result "0-1"]
[WhiteElo "2240"]
[BlackElo "2310"]
[PlyCount "90"]

1. e4 e6 2. d4 d5 3. Nc3 Nf6 4. e5 Nfd7 5. f4 c5 6. Nf3 Nc6 7. Be3 Qb6 8. Na4
Qa5+ 9. c3 cxd4 10. b4 Nxb4 11. cxb4 Bxb4+ 12. Bd2 Bxd2+ 13. Nxd2 O-O 14. Rb1
f6 15. exf6 Nxf6 16. Bd3 Bd7 17. Nb2 e5 18. O-O e4 19. Bc2 d3 20. Bxd3 exd3 21.
Nxd3 Bf5 22. Rb3 Rac8 23. Nf3 b5 24. Kh1 a6 25. Nd4 Be4 26. Ne5 Rc3 27. Qd2
Rfc8 28. Ndc6 R8xc6 29. Nxc6 Rf3 30. Qd1 Rxf1+ 31. Qxf1 Qxa2 32. Nd4 Qd2 33.
Nf3 Qc2 34. Ra3 Ng4 35. h3 Nf2+ 36. Kg1 Nxh3+ 37. Kh2 Nxf4 38. Rxa6 h6 39. Nh4
Qc7 40. Kh1 b4 41. Qa1 Qe7 42. Qe1 Nxg2 43. Ra8+ Kh7 44. Rh8+ Kxh8 45. Ng6+ Kh7
0-1

[Event "Championnat de France des Jeunes - Junio"]
[Site "NIMES"]
[Date "2012.04.16"]
[Round "4.4"]
[White "Massoni, Michael"]
[Black "Duboue, Peio"]
[Result "1-0"]
[WhiteElo "2341"]
[BlackElo "2197"]
[PlyCount "135"]

1. e4 e5 2. Nf3 Nc6 3. Bb5 a6 4. Ba4 Nf6 5. Qe2 b5 6. Bb3 Be7 7. O-O d6 8. c3
O-O 9. Rd1 Na5 10. Bc2 c5 11. d4 Qc7 12. d5 c4 13. b4 cxb3 14. axb3 Nb7 15. b4
Bd7 16. Bb2 Nh5 17. g3 g6 18. Nbd2 Ng7 19. Bd3 f5 20. c4 Qb6 21. c5 dxc5 22.
Nxe5 Be8 23. exf5 gxf5 24. bxc5 Bxc5 25. Nb3 Bh5 26. g4 fxg4 27. Nxc5 Nxc5 28.
Bd4 g3 29. f3 gxh2+ 30. Qxh2 Qd6 31. Nc6 Qxh2+ 32. Kxh2 Nb3 33. Rg1 Nxd4 34.
Nxd4 Kf7 35. Rgc1 Rfd8 36. Be4 Bg6 37. Rc7+ Kf6 38. Rc6+ Kf7 39. Raxa6 Rxa6 40.
Rxa6 b4 41. Rb6 Bxe4 42. fxe4 Re8 43. Nf3 Rd8 44. Rxb4 Ne8 45. Rd4 Nf6 46. Ng5+
Kg6 47. Ne6 Rd6 48. Nf4+ Kf7 49. Kg3 Nd7 50. Nd3 Rg6+ 51. Kf3 Rf6+ 52. Ke3 Rh6
53. Rb4 Rb6 54. Ra4 Rh6 55. Ra7 Ke8 56. e5 Rh4 57. e6 Nb6 58. Nf4 Nc4+ 59. Kf3
Ne5+ 60. Ke4 Ng6 61. Rf7 Nxf4 62. Rxf4 Rh1 63. Ke5 h5 64. Ra4 Re1+ 65. Kd6 Kf8
66. Ra8+ Kg7 67. e7 Kf7 68. Rf8+ 1-0

[Event "Championnat de France des Jeunes - Junio"]
[Site "NIMES"]
[Date "2012.04.17"]
[Round "5.1"]
[White "Sochacki, Wojtek"]
[Black "Ollier, Pablo"]
[Result "0-1"]
[WhiteElo "2239"]
[BlackElo "2278"]
[PlyCount "68"]

1. Nf3 Nf6 2. c4 e6 3. Nc3 Bb4 4. Qc2 c5 5. a3 Ba5 6. e3 O-O 7. Be2 Nc6 8. O-O
Bc7 9. d4 cxd4 10. exd4 h6 11. d5 Ne7 12. Ne4 Nxe4 13. Qxe4 exd5 14. cxd5 d6
15. Nd4 Re8 16. Qf3 Ng6 17. Be3 Bb6 18. Rfe1 Bd7 19. Qg3 Qf6 20. Rad1 Re4 21.
Qf3 Qe5 22. Bd3 Rh4 23. Qg3 Rg4 24. Qxe5 Nxe5 25. Be2 Re4 26. Rd2 f5 27. Bf3
Nxf3+ 28. gxf3 Re5 29. Nc2 Rae8 30. Rc1 Rc8 31. Bxb6 axb6 32. Rb1 f4 33. Nb4
Rg5+ 34. Kf1 Re8 0-1

[Event "Championnat de France des Jeunes - Junio"]
[Site "NIMES"]
[Date "2012.04.17"]
[Round "5.2"]
[White "Velten, Paul"]
[Black "Di Nicolantonio, Lucas"]
[Result "1-0"]
[WhiteElo "2310"]
[BlackElo "2322"]
[PlyCount "101"]

1. d4 d5 2. Nf3 Nf6 3. g3 c6 4. Bg2 Bg4 5. O-O Nbd7 6. h3 Bh5 7. Bf4 h6 8. c4
e6 9. c5 g5 10. Be3 Bg7 11. Nc3 O-O 12. b4 Bg6 13. Nd2 e5 14. Nb3 Re8 15. Rc1
Qc7 16. b5 Rad8 17. a4 Ne4 18. Nxe4 Bxe4 19. Bxe4 dxe4 20. d5 Nf6 21. d6 Qd7
22. Kg2 Nd5 23. Qc2 f5 24. Qc4 Kh8 25. Bd2 Rf8 26. Na5 Rde8 27. Rb1 Qe6 28.
bxc6 bxc6 29. Rb7 f4 30. Qxe4 fxg3 31. f3 Nf6 32. Qc4 Qf5 33. e4 Qg6 34. Nxc6
g4 35. hxg4 Nxg4 36. Rb3 Nf2 37. Rxf2 gxf2+ 38. Kxf2 Bf6 39. Ke2 h5 40. Qd5 h4
41. d7 Ra8 42. Nxe5 Qg2+ 43. Kd1 h3 44. Ng4 Qf1+ 45. Kc2 Bg7 46. f4 Qg2 47. Nf2
h2 48. Qh5+ Kg8 49. Rh3 Qxf2 50. Qd5+ Rf7 51. Qxa8+ 1-0

[Event "Championnat de France des Jeunes - Junio"]
[Site "NIMES"]
[Date "2012.04.17"]
[Round "5.3"]
[White "Dubessay, Bastien"]
[Black "Graca, Robert"]
[Result "0-1"]
[WhiteElo "2372"]
[BlackElo "2246"]
[PlyCount "80"]

1. d4 Nf6 2. c4 e6 3. Nf3 Bb4+ 4. Nbd2 O-O 5. a3 Be7 6. e4 d5 7. e5 Nfd7 8. b4
a5 9. b5 c5 10. cxd5 exd5 11. Bd3 cxd4 12. Nb3 a4 13. Nbxd4 Nc5 14. Bc2 Nbd7
15. O-O Nb6 16. Qe2 Re8 17. Rd1 Bg4 18. h3 Bh5 19. g4 Bg6 20. Nf5 Bf8 21. N3d4
Nc4 22. f4 Qb6 23. Kh1 Rad8 24. Rb1 Ne6 25. Qf3 Nxd4 26. Nxd4 Bxc2 27. Nxc2 d4
28. Bb2 d3 29. Ne1 d2 30. Nc2 Qxb5 31. Bc3 Qd5 32. Qxd5 Rxd5 33. Nb4 Bxb4 34.
Bxb4 Red8 35. Kg1 Ne3 36. Rxd2 Rxd2 37. Bxd2 Rxd2 38. Rxb7 g6 39. Rb4 Rg2+ 40.
Kh1 Rg3 0-1

[Event "Championnat de France des Jeunes - Junio"]
[Site "NIMES"]
[Date "2012.04.17"]
[Round "5.4"]
[White "Manoeuvre, Antoine"]
[Black "Massoni, Michael"]
[Result "1-0"]
[WhiteElo "2271"]
[BlackElo "2341"]
[PlyCount "81"]

1. d4 Nf6 2. c4 g6 3. Nc3 d5 4. Bg5 Ne4 5. Bh4 Nxc3 6. bxc3 dxc4 7. e3 Qd5 8.
Nf3 Bg7 9. Nd2 e5 10. Nxc4 exd4 11. cxd4 O-O 12. Qf3 Be6 13. Rc1 Qxf3 14. gxf3
Nd7 15. Be2 b6 16. O-O c5 17. Rfd1 cxd4 18. exd4 Bh6 19. d5 Bh3 20. Ne3 Rfe8
21. Rc3 Rac8 22. Rxc8 Rxc8 23. Be7 Bf8 24. d6 Be6 25. Bb5 Rc5 26. a4 f5 27. Ng2
a6 28. Bxa6 Bxe7 29. dxe7 Kf7 30. Nf4 Kxe7 31. Rb1 Bf7 32. Nd3 Rc3 33. Bb5 Be6
34. Bxd7 Kxd7 35. Nf4 Bb3 36. Ne2 Rd3 37. Kg2 Kc7 38. Nf4 Rc3 39. Ne2 Rd3 40.
Nf4 Rd4 41. Ne2 1-0

[Event "Championnat de France des Jeunes - Junio"]
[Site "NIMES"]
[Date "2012.04.17"]
[Round "5.5"]
[White "Buscara, Sevan"]
[Black "Gertosio, Franck"]
[Result "1-0"]
[WhiteElo "2318"]
[BlackElo "2204"]
[Annotator "Rivier,Sylvain"]
[PlyCount "80"]

1. Nc3 e5 2. e4 Nf6 3. Nf3 d6 4. d4 Nbd7 5. Bc4 Be7 6. O-O O-O 7. Re1 a6 8. a4
b6 9. h3 Bb7 10. Ba2 b5 11. axb5 axb5 12. b4 d5 13. dxe5 Nxe4 14. Nxd5 Bxd5 15.
Qxd5 Nc3 16. Qb3 Nxa2 17. Rxa2 Rxa2 18. Qxa2 Bxb4 19. Rd1 Qe8 20. Qb3 Be7 21.
Qxb5 Nb6 22. Nd4 Qxb5 23. Nxb5 Rd8 24. Rxd8+ Bxd8 25. f4 Kf8 26. Kf2 Nc4 27.
Ke2 Ke7 28. Kd3 Nb6 29. c4 Kd7 30. Nd4 c6 31. Ba3 g6 32. g4 Bc7 33. h4 h5 34.
gxh5 gxh5 35. Nf5 Bd8 36. Ng7 Bxh4 37. Nxh5 Kd8 38. f5 Nd7 39. Ke4 Nb6 40. Bd6
Nd7 {suite illisible} 1-0

[Event "Championnat de France des Jeunes - Junio"]
[Site "NIMES"]
[Date "2012.04.18"]
[Round "6.2"]
[White "Graca, Robert"]
[Black "Buscara, Sevan"]
[Result "0-1"]
[WhiteElo "2246"]
[BlackElo "2318"]
[Annotator "Rivier,Sylvain"]
[PlyCount "44"]

1. Nf3 Nf6 2. c4 e6 3. Nc3 Bb4 4. g4 O-O 5. g5 Ne8 6. Qb3 c5 7. d4 b6 8. d5 Nd6
9. Bf4 Ne4 10. Bg2 exd5 11. cxd5 Ba6 12. Qc2 Re8 13. Be3 f5 14. O-O Bxc3 15.
bxc3 Bc4 16. Rfd1 d6 17. h4 Na6 18. Bh3 g6 19. Bf4 Nc7 20. e3 Nxd5 21. Bh2
Ndxc3 22. Rxd6 Qe7 {suite illisible} 0-1

[Event "Championnat de France des Jeunes - Junio"]
[Site "NIMES"]
[Date "2012.04.18"]
[Round "6.3"]
[White "Sochacki, Wojtek"]
[Black "Manoeuvre, Antoine"]
[Result "1-0"]
[WhiteElo "2239"]
[BlackElo "2271"]
[PlyCount "53"]

1. e4 c6 2. d4 d5 3. e5 a6 4. Bd3 c5 5. dxc5 Nc6 6. Bf4 e6 7. Nd2 Bxc5 8. Nb3
Bf8 9. Nf3 Nge7 10. O-O Ng6 11. Bg3 Be7 12. Qe2 Bd7 13. c3 Rc8 14. Rae1 b5 15.
a3 Na5 16. Nxa5 Qxa5 17. Nd4 Qa4 18. Bc2 Qc4 19. Bd3 Qa4 20. Kh1 h5 21. h3 Nh4
22. Bf4 g6 23. Bd2 Nf5 24. Nxf5 exf5 25. Be3 Be6 26. Bd4 Bg5 27. b4 1-0

[Event "Championnat de France des Jeunes - Junio"]
[Site "NIMES"]
[Date "2012.04.18"]
[Round "6.5"]
[White "Billon, Olivier"]
[Black "Bouget, Alexandre"]
[Result "1-0"]
[WhiteElo "2237"]
[BlackElo "2176"]
[PlyCount "95"]

1. e4 e5 2. Nf3 Nc6 3. Nc3 Nf6 4. Bb5 Nd4 5. Ba4 c6 6. Nxe5 d6 7. Nf3 Bg4 8. d3
Nd7 9. Be3 Nxf3+ 10. gxf3 Bh5 11. d4 Qf6 12. Rg1 Bxf3 13. Qd3 h6 14. Rg3 Bh5
15. Ne2 g5 16. O-O-O O-O-O 17. Bxc6 bxc6 18. Qa6+ Kb8 19. Bxg5 Qxg5+ 20. Rxg5
hxg5 21. Rg1 Bxe2 22. Qxe2 Bg7 23. Qc4 Nb6 24. Qxc6 Bxd4 25. a4 Be5 26. a5 Rc8
27. Qb5 Rc5 28. Qb4 Rhc8 29. c3 Rc4 30. Qb3 Bxc3 31. axb6 Bd4+ 32. Kb1 axb6 33.
Rxg5 Rc1+ 34. Ka2 R1c2 35. Ka3 Rxf2 36. Rb5 Rxb2 37. Rxb6+ Ka7 38. Qa4+ Kxb6
39. Qxd4+ Kc6 40. Qd5+ Kc7 41. Kxb2 Rf8 42. e5 Rb8+ 43. Kc3 dxe5 44. Qxe5+ Kc8
45. Qxb8+ Kxb8 46. h4 Kc7 47. h5 Kd7 48. h6 1-0

[Event "Championnat de France des Jeunes - Junio"]
[Site "NIMES"]
[Date "2012.04.19"]
[Round "7.1"]
[White "Manoeuvre, Antoine"]
[Black "Ollier, Pablo"]
[Result "1/2-1/2"]
[WhiteElo "2271"]
[BlackElo "2278"]
[PlyCount "233"]

1. d4 Nf6 2. c4 e6 3. Nc3 Bb4 4. Qc2 d5 5. cxd5 Qxd5 6. e3 c5 7. Bd2 Bxc3 8.
Bxc3 cxd4 9. Bxd4 Nc6 10. Bc3 O-O 11. Nf3 Rd8 12. Be2 Qe4 13. Qxe4 Nxe4 14. Rc1
f6 15. O-O Nxc3 16. Rxc3 e5 17. Bc4+ Kf8 18. Rfc1 Bf5 19. Bb5 Be4 20. Ne1 Rd2
21. f3 Rxb2 22. a4 a6 23. fxe4 axb5 24. Nd3 Re2 25. axb5 Ne7 26. R3c2 Rxc2 27.
Rxc2 b6 28. Kf1 Ra5 29. Rb2 Nc8 30. Rc2 Na7 31. Rc7 Nxb5 32. Rc6 Ra3 33. Rxb6
Rxd3 34. Rxb5 Rxe3 35. Rb4 Kf7 36. Kf2 Rd3 37. Ke2 Ra3 38. Rb7+ Kg6 39. Kf2 h5
40. h4 Ra6 41. Kg3 Kh6 42. Rb8 Ra3+ 43. Kf2 Ra6 44. Rh8+ Kg6 45. Kf3 Ra7 46.
Ke3 Ra1 47. Kf2 Ra7 48. Ke3 Rf7 49. Re8 Kh7 50. Kf3 g6 51. Ke3 Ra7 52. Kf2 Ra5
53. Re7+ Kh6 54. Re6 Kg7 55. Re7+ Kf8 56. Rh7 Ra1 57. Ke2 Rg1 58. Kf2 Rd1 59.
Ke2 Rd6 60. Ke3 Re6 61. Rb7 Re7 62. Rb6 Kg7 63. Kf3 Rf7 64. Re6 Kh6 65. Re8 Rb7
66. Rh8+ Kg7 67. Re8 Rb3+ 68. Kf2 Kf7 69. Rh8 Rb4 70. Ke3 Kg7 71. Re8 Rb3+ 72.
Kf2 Rb7 73. Ke3 Rf7 74. Re6 Kh6 75. Re8 g5 76. hxg5+ Kxg5 77. Rg8+ Kh6 78. Rh8+
Rh7 79. Rf8 Kg6 80. Kf3 Rg7 81. Rh8 Kg5 82. g3 Kg6 83. Re8 Kf7 84. Rh8 Rg5 85.
Rh7+ Kg6 86. Ra7 Kh6 87. Re7 Rg7 88. Re8 Rh7 89. Rg8 Rg7 90. Re8 Kg6 91. Re6
Rh7 92. Re8 h4 93. gxh4 Rxh4 94. Rg8+ Kf7 95. Ra8 Rh3+ 96. Kf2 Rb3 97. Ke2 Rc3
98. Kf2 Rc6 99. Kf3 Ke6 100. Rd8 Rd6 101. Re8+ Kd7 102. Ra8 Rc6 103. Rf8 Ke7
104. Ra8 Kd6 105. Rd8+ Ke7 106. Ra8 Rc3+ 107. Ke2 Kf7 108. Kf2 Kg7 109. Rb8 Rc7
110. Kf3 Kg6 111. Rg8+ Rg7 112. Ra8 Kg5 113. Rf8 Kg6 114. Ra8 Kg5 115. Rf8 Kg6
116. Re8 Kg5 117. Rf8 1/2-1/2

[Event "Championnat de France des Jeunes - Junio"]
[Site "NIMES"]
[Date "2012.04.19"]
[Round "7.2"]
[White "Buscara, Sevan"]
[Black "Sochacki, Wojtek"]
[Result "1-0"]
[WhiteElo "2318"]
[BlackElo "2239"]
[PlyCount "47"]

1. Nf3 d6 2. c4 g6 3. g3 Bg7 4. Bg2 e5 5. Nc3 Nc6 6. d3 Nge7 7. O-O O-O 8. Rb1
a5 9. Nd5 h6 10. Bd2 Be6 11. Ne1 f5 12. f4 Qd7 13. Qa4 Nxd5 14. cxd5 Ne7 15.
Qxd7 Bxd7 16. fxe5 dxe5 17. b4 a4 18. b5 Rf6 19. Nc2 Nc8 20. Na3 Bf8 21. Nc4
Bd6 22. Bc3 Na7 23. b6 Nb5 24. Bxe5 1-0

[Event "Championnat de France des Jeunes - Junio"]
[Site "NIMES"]
[Date "2012.04.19"]
[Round "7.3"]
[White "Velten, Paul"]
[Black "Massoni, Michael"]
[Result "1-0"]
[WhiteElo "2310"]
[BlackElo "2341"]
[PlyCount "69"]

1. d4 Nf6 2. Nf3 g6 3. e3 Bg7 4. Be2 O-O 5. O-O d5 6. b4 b6 7. Bb2 Bb7 8. Nbd2
Nbd7 9. b5 Ne4 10. a4 a5 11. c4 Nxd2 12. Qxd2 dxc4 13. Qc2 e5 14. dxe5 Re8 15.
Rfd1 Qc8 16. Qxc4 Nxe5 17. Bxe5 Bxe5 18. Rac1 Bd6 19. Nd4 Re4 20. h3 Re5 21.
Bf3 Bxf3 22. Nxf3 Rc5 23. Qh4 Rh5 24. Qe4 Qe8 25. Qc6 Qxc6 26. Rxc6 Re8 27.
Rdxd6 cxd6 28. Rxb6 Rc5 29. Ra6 Rcc8 30. Nd4 Kg7 31. Kh2 h5 32. Rxa5 Ra8 33.
Rxa8 Rxa8 34. Nc6 Rxa4 35. b6 1-0